000 00869nas a2200265 4500
001 BR2011006236
003 BR-BrBNA
005 20231205115648.0
007 ta
008 230509b bl.|||p| |||| 00| 00por d
040 _aBR-BrBNA
_bpor
_cBiblioteca Nacional de Agricultura
041 _a(Pt)
072 _aK50
100 1 _aHillig, E.
100 1 _aIwakiri, S.
100 1 _aHaselein, C.R.
100 1 _aBianchi, O.
100 1 _aHillig, D.M.
245 1 _aCaracterização de compósitos produzidos com polietileno de alta densidade (HDPE)e serragem da indústria moveleira - parte II - extrusão em dupla-rosca
650 _aSERRAGEM
650 _aINDÚSTRIA FLORESTAL
773 0 _tCiência Florestal (Brazil)
_xISSN 0103-9954
_g(Apr-Jun 2011), v. 21(2) p. 335-347
_wBR2011006236
909 _a202311
_bLúcia
_c55
_dLúcia Elande
942 _2AGRIS
_n0
_cANA
999 _c215104
_d215104